01295cam7a220030101 4500001001200000005001700012008004100029010001600070035001900086035002100105035002200126040001800148043001200166050003400178082002900212086001500241100012400256245015000380260006200530440005900592500008700651504006400738650006700802650005500869949004400924004000600968999001900974lce0245242220190819114858.0901003s1991 dcu b f001 0 eng  a 90010415 a(Sirsi) r91751 a(DLC) 90010415 a(UPRA)lce02452422 aDLCcDLCdDLC anwdq---00aQK1b.S2747 no. 77aQK231.D5900a581 sa583/.097298412200 aSI 1.29:771 aNicolson, Dan H. (Dan Henry), 1933-qNicolson, Dan H. (Dan Henry), 1933-dNicolson, Dan H. (Dan Henry), 1933-6A50749.110aFlora of Dominica.nPart 2, Dicotyledoneae /pPart 2, Dicotyledoneae /cDan H. Nicolson, with Robert A. DeFilipps, Alice C. Nicolson, and others. aWashington, D.C. :bSmithsonian Institution Press,c1991. 0aSmithsonian contributions to botany ;vno. 776S1367.1 aPt. 1: Flora of Dominica, B.W.I., part 1 / W.H. Hodge, published in Lloydia, 1954. aIncludes bibliographical references (p. 230-249) and index. 0aDicotyledons -- Dominica.zDicotyledons -- Dominica.6S39673.1 0aBotany -- Dominica.zBotany -- Dominica.6S39674.1 aQK1wlcci-128893mMAINtBOOKlON-SHELF91751 c109515d109515